| 000 | 00870nam a2200205 a 4500 | ||
|---|---|---|---|
| 003 | 0 | ||
| 005 | 20250414151551.0 | ||
| 008 | 970101s19uu xx 00 eng d | ||
| 050 |
_aPGS LB 1573 _b.H557 2004 |
||
| 100 | _aHernandez, Janna Marie Silva. | ||
| 245 |
_aThe top three preferred reading materials of Grade 4 students of Southville International School and Colleges S. Y. 2003-2004 / _cJanna Marie Silva Hernandez. |
||
| 260 |
_aLas PiƱas City, Philippines : _bSouthville International School and Colleges, _c2004. |
||
| 300 |
_a17 pages : _billustrations ; _c28 cm. |
||
| 504 | _aIncludes bibliographical references. | ||
| 650 |
_aReading interests _vElementary school students. |
||
| 650 |
_aReading _vMotivation in children. |
||
| 650 |
_aReading materials _vSelection and use. |
||
| 650 |
_aAcademic achievement _vElementary students. |
||
| 942 |
_2lcc _cPASS |
||
| 999 |
_c96987 _d96987 |
||